'Whose Line' Games (US) Quiz Stats

 Plays Quiz not verified by Sporcle

Score 0/67 Timer 10:00
0 Plays Today
Clue Game % Correct
All four sing four lines to a country song, often to Ryan's chagrin.Hoedown
84.3%
The performers act out various scenes based on audience suggestions, then Drew throws a hat at the camera.Scenes from a Hat
83.8%
Each performer sings one line of a verse at a time, while holding an imaginary stein.Irish Drinking Song
78%
The four come up with microscenes based on strange objects.Props
76.2%
The performers can only ask questions.Questions Only
74.1%
One performer hosts a party and has to guess who or what the three strange guests are.Party Quirks
69.7%
The four performers make the 'world's worst dating service video' via creative use of headgear.Hats
68.5%
Ryan and Colin announce a themed album, clips of which are sung by other performers.Greatest Hits
68.3%
One performer tries to deduce the identities of the three potential suitors.Let's Make a Date
67.8%
Ryan makes all the noises in a scene for Colin, or two audience members make the noises for Ryan and Colin.Sound Effects
66.4%
Wayne leads the other three in a song in the style from a continent (not a country).African Chant
62.5%
The performers provide the voices for characters in an old movie.Film Dub
62.3%
Three performers sing a song one word at a time.Three-Headed Broadway Star
62.3%
Colin or Greg acts as Ryan's hands and arms acting out a very sloppy scene.Helping Hands
61.6%
A sane news anchor deals with a strange co-anchor, sports reporter, and meteorologist.Weird Newscasters
61.6%
One performer (usually Colin) stands in front of a green screen, trying to guess what's behind him given clues by two others.Newsflash
60.9%
Three performers sing their problems to another over a drink.Bartender
59.5%
Ryan and Colin act out a film noir scene.Narrate
59%
Examples are given of the ultimate terrible example of a given category, like neighbor or person to be stuck on a desert island with.World's Worst
57.6%
Wayne and another performer sing about someone or something.Duet
56.9%
Someone sings alone about someone or something.Song Styles
56.7%
Two of the lines of dialogue are written on slips of paper, only to be seen right before they're said.Whose Line
56%
Not only can the performers speak only in questions, they also have to impersonate a celebrity (perhaps Craig T. Nelson).Questionable Impressions
55.8%
Two performers act out a scene where each line begins with the next letter of the alphabet.90 Second Alphabet
55.6%
Brad, Colin, and Ryan make a bunch of non sequitur innuendos, some including fluffing your Garfield.If You Know What I Mean
55.6%
Colin has to guess why he's holding a media event based on questions from the other three.Press Conference
55.6%
All the dialogue is rapped. Even Stephen Colbert's.Scene to Rap
55.6%
Sorry I'm late! Each performer uses their superpowers to solve a world crisis.Superheroes
55.3%
Ryan and Colin promote a product using a series of props.Infomercial
54.6%
Performers can only say the titles of songs.Song Titles
54.4%
One performer uses the limp bodies of other performers and an audience member to act a scene out alone.Dead Bodies
53.5%
Colin makes the other three redo a scene several times with some modifications each time.Hollywood Director
53.5%
Two performers (or Richard Simmons) act as the props for a scene performed by the other two.Living Scenery
51.2%
The group announces nominees for a category, followed by an acceptance speech.Awards Show
50.2%
Clue Game % Correct
Two performers translate the gibberish of the other two purportedly speaking in a different language.Foreign Film Dub
49.5%
An audience member's voice is replaced by that of one of the performer in a scene.Dubbing
48.4%
Each performer can only speak in sentences of some set word count. (Colin as C3PO: 'My pants metal!')Number of Words
45.8%
Three performers sing like a 50s trio about how a girl died in a bizarre accident.Doo Wop
45.6%
Ryan and Colin carry out a task, like cleaning a burnous, after receiving a tape of instructions.Improbable Mission
44.4%
The performers act out a scene with questions as the only dialogue and with fake hairpieces defining their characters.Questions with Wigs
43.5%
Some of the performers are only allowed to say two different things the whole scene. Somebody needs a hug.Two-Line Vocabulary
43.5%
Two performers act out a quiz show, with the help of a phoned friend and an 'audience member'.Millionaire Show
43.3%
Two performers are unable to move themselves, only able to act out a scene by having audience members move their bodies.Moving People
42.4%
One pair of performers acts out a scene with the same motions as a previous pair.Action Replay
41.9%
Three performers have to each be in a different pose from each other at every moment of the scene.Stand Sit Lie/Stand Sit Bend
41.2%
A scene is performed in reverse.Backwards Scene
40.7%
A group of performers tries to eulogize a dead friend by singing all together.Funeral
40.7%
The four act in the style of The Jerry Springer Show.Daytime Talk Show
40.5%
When Drew presses the buzzer, the performer sings a song based on the sentence they just said.Show-Stopping Number
40%
One performer yells 'Change!' to make someone else change their dialogue in a scene.Quick Change
39.8%
Example: The gerformers glay out a scene where one letter is used in glace of another.Letter Change
36.6%
Ryan has been hiding something from Colin, to be revealed during the game.Secret
34.5%
Three performers sing a 60s song, creating a dance like 'Do the Toothbrush'.Motown Group
34%
Two performers are waiters serving the other two dinner at a strange eatery.Themed Restaurant
33.3%
Ryan and Colin host a fundraiser TV show with Wayne and another performer singing.Telethon
32.6%
Someone from the audience acts along with some performers.Scene with an Audience Member
32.2%
Two performers act out an old public service short while another narrates.Hey You Down There
31.3%
Each performer is on a different TV show all about the same subject.Remote Control
30.1%
Two performers comment on the everyday actions of two other performers as if it were a sporting event.Sportscasters
27.5%
One performer in a scene has had a different occupation in the past.Old Job, New Job
27.3%
The mood of a scene is changed by the background music.Scene to Music
24.8%
Performers have to adopt a different personality or impression based on what item they hold.Multiple Personalities
24.5%
Ryan and Colin act out the opening of a sitcom while Wayne and someone else sings the song. 'Bill Cosby and Hitler' was NOT one of the sitcoms.Title Sequence
24.3%
One performer narrates the themed clothing styles showcased by the other three.Fashion Models
24.1%
Ryan and Wayne are monsters constructed of various other people's body parts by Colin and Igor as Dr. Frankenstein and Igor.Make a Monster
23.6%
Brad, Wayne, and Ryan sing like a 1940s girl group.Boogie Woogie Sisters
21.1%
The performers make up deleted scenes from movies.Scenes Cut from a Movie
18.5%

You're not logged in!

Compare scores with friends on all Sporcle quizzes.
OR
Log In

Show Comments

Extras

Top Quizzes Today


Score Distribution

Your Account Isn't Verified!

In order to create a playlist on Sporcle, you need to verify the email address you used during registration. Go to your Sporcle Settings to finish the process.

Report this User

Report this user for behavior that violates our Community Guidelines.

Details: